000 00338nam a22001577a 4500
003 SGT
020 _a1-59195-106-2
082 _a615.1, D05L
100 _aLACY, CHARLES, F
245 _aDRUG INFORMATION HANDBOOK
250 _a13TH
260 _aNORTH AMERICA
_bLEXI- COMP.
_c2005
300 _a1950
650 _aDRUG
942 _2ddc
_cBK
999 _c8145
_d8145